Datum a čas kvízu
20.5
Celkem bodů
Celkový počet nahraných bodů na tomto kvízu bez doplňovacích otázek.
9.
Pořadí na kvízu
Konečné umístění týmu na tomto kvízu.
Zaznamenané odpovědi
| # | Otázka | Odpověď | Body | Výsledky |
|---|---|---|---|---|
| 1. | V nablýskaném vozu značky Roll... | Filip Turek, Brusel | 1 | |
| 2. | Jedné 92leté ženě trpící Alzhe... | v Číně | 0 | |
| 3. | Minulý týden byla představena... | Apple | 0 | |
| 4. | Česká obchodní inspekce minulý... | Penny Market | 1 | |
| 5. | Bývalý pilot F1 učinil minulý... | Ralf Schumacher | 0 | |
| 6. | Na hudební téma Přátelství z m... | v 18. století | 0 | |
| 7. | Jak zní název československého... | Přátelé Zeleného údolí | 1 | |
| 8. | Zprovoznění sociální sítě Face... | B | 0 | |
| 9. | Kterým slovem na F označují če... | frazém | 0 | |
| 10. | Huckleberry Finn je jednou ze... | Mark Twain, Dobrodružství Toma Sawyera | 0 |